O Principezinho (Registo nº 1982)

Detalhes MARC
000 -Etiqueta do registo
Cabeçalho 00847nam a22003011 4500
005 - Identificador da versão
Campo de controlo 20240813121921.0
095 ## -
-- PTBN00066616
021 ## - Número do Depósito Legal
Código do país PT
100 ## - Dados gerais de processamento
Dados gerais de processamento 20070620d1980 damy0pory5003 ba
102 ## - Pais de publicação ou produção
País de publicação Portugal
101 1# - Língua de publicação
Língua do texto, banda sonora, etc. Português
Língua do documento no original Francês
106 ## - Campo de dados codificados: material textual
Dados codificados do material textual r
105 ## - Campo de dados codificados: livros
Dados codificados dos livros a z 000fy
215 ## - Descrição física 
Indicação específica da natureza do documento e extensão da espécie 93, [3] p.
Outras indicações físicas il.
Dimensões 23 cm
200 1# - Titulo e menção de responsabilidade
Título próprio O Principezinho
Primeira menção de responsabilidade Antoine de Saint-Exupéry
Outras menções de responsabilidade trad. Alice Gomes
205 ## - Menção da edição
Menção da edição 7ª ed.
210 ## - Publicação, Distribuição, etc. 
Lugar da edição, distribuição, etc. Lisboa
Nome do editor, distribuidor, etc. Aster
Data da publicação, distribuição, etc. [D.L. 1980]
304 ## - Notas relativas a título e menção de responsabilidade 
Texto da nota Tít. orig.: Le petit prince
606 ## - Nome comum usado como assunto
Número de registo de entrada de autoridade 0000015
Palavra de ordem Literatura estrangeira infanto-juvenil
Subdivisão de assunto Conto
675 ## - Classificação Decimal Universal (CDU)
Notação 82-34
Edição
Língua da edição por
702 #1 - Nome de autor-pessoa física (responsabilidade secundária)
Número de registo de entrada de autoridade 0000650
Palavra de ordem Gomes
Outra parte do nome não tomada para palavra de ordem Alice
Código de função Tradutor
700 #1 - Nome de autor-pessoa física (responsabilidade principal)
Número de registo de entrada de autoridade 0000649
Palavra de ordem Saint-Exupéry
Outra parte do nome não tomada para palavra de ordem Antoine de
Datas 1900-1944
942 ## - Elementos de entrada adicionados (Koha)
Tipo de item no Koha Livro
Exemplares
Situação do levantamento Origin of item (home branch) (coded) Biblioteca de empréstimo Código de barras Cota Circulation type (not for loan) Tipo de documento Nota do exemplar Damaged status
  Biblioteca Escolar da Coca Maravilhas Biblioteca Escolar da Coca Maravilhas BECM3238/96 8EST SAI   Livro Sem mensagem